| 000 | 00489nam a2200205Ia 4500 | ||
|---|---|---|---|
| 008 | 170918s9999 xx 000 0 und d | ||
| 020 | _a9780545087230 | ||
| 050 | _bS936 2009 | ||
| 100 | _aSturman, Jennifer | ||
| 245 | 4 | _aAnd the everything unraveled / | |
| 245 | _cby Jennifer Sturman. | ||
| 250 | _a1st ed. | ||
| 260 | _aNew York : | ||
| 260 | _bScholastic, | ||
| 260 | _c2009 | ||
| 300 | _a224 pages : | ||
| 300 | _bblack and white ; | ||
| 300 | _c20cm. | ||
| 500 | _a1010 | ||
| 999 |
_c344211 _d344211 |
||